00975nam a2200277Ia 4500001000900000003000500009005001700014008004100031010001100072020001800083040000900101082002300110100002000133245016100153260003700314300001500351500006000366503001400426650003200440650003600472650004800508650004200556700002800598700003500626700003600661dia_1391CHAP20230629101124.0220117s1988 xx 000 0 und d a176709 a84-7615-212-4 cCHAP a005.36955 K93 1988 aKyd, Charles W. aAplicaciones del Lotus 1-2-3 : modelos financieros /c Charles W. Kyd ; traducción José Martínez Aroza, Samuel Tunez Rodríguez y Alfonso Bosch Aran aEspaña :b McGraw-Hill,c1988 axi, 433 p. aTítulo original: Financial modeling using Lotus 1-2-3 aI. 145624 aBusinessxComputer programs aLotus 1x2x3 (Computer file)  aLotus 1x2x3 (Programa para computadora)  aNegociosxProgramas para computadora  aBosch Aran, Alonso, tr. aMartínez Aroza, José, tr.  aTunez Rodríguez, Samuel, tr.